Металлические сваи в применении их к основаниям искусственных сооружений: с 53-мя рисунками

Xehetasun bibliografikoak
Egile nagusia: Ванков С. Н.
Gaia:Текст в русской дореформенной орфографии
Дозволено цензурою
Hizkuntza:errusiera
Argitaratua: Санкт-Петербург, Издание К. Л. Риккера, 1898
Gaiak:
Formatua: Liburua
KOHA link:https://koha.lib.tpu.ru/cgi-bin/koha/opac-detail.pl?biblionumber=357630

MARC

LEADER 00000nam0a2200000 4500
001 357630
005 20231102011018.0
035 |a (RuTPU)RU\TPU\retro\14898 
090 |a 357630 
100 |a 20200807d1898 km y0rusy50 ca 
101 0 |a rus 
102 |a RU 
105 |a a z 000zy 
200 1 |a Металлические сваи в применении их к основаниям искусственных сооружений  |e с 53-мя рисунками  |f С. Н. Ванков 
210 |a Санкт-Петербург  |c Издание К. Л. Риккера  |d 1898 
215 |a 84 с.  |c ил. 
300 |a Текст в русской дореформенной орфографии 
300 |a Дозволено цензурою 
316 |5 63413507: 59//23  |a На титульном листе владельческий штамп: "П. А. Вагнеръ" 
317 |5 63413507: 59//23  |a Поступил в НТБ в 1914 г. в дар от инженера Путей Сообщения П. А. Вагнера 
606 1 |a Сваи  |2 stltpush  |3 (RuTPU)RU\TPU\subj\53877  |9 72041 
610 1 |a металлические сваи 
610 1 |a применение 
610 1 |a искусственные сооружения 
610 1 |a основания 
610 1 |a винтовые сваи 
610 1 |a забивка 
610 1 |a металлические быки 
610 1 |a Коллекция П. А. Вагнера 
610 1 |a владельческие знаки 
675 |a 621.154  |v 4 
700 1 |a Ванков  |b С. Н. 
801 1 |a RU  |b 63413507  |c 20200807 
801 2 |a RU  |b 63413507  |c 20210423  |g RCR 
942 |c BK